Vista normal Vista MARC

Entrada Personal Name

Número de registros utilizados en: 5

001 - CONTROL NUMBER

  • control field: 42744

003 - CONTROL NUMBER IDENTIFIER

  • control field: OSt

005 - DATE AND TIME OF LATEST TRANSACTION

  • control field: 20241003152725.0

008 - FIXED-LENGTH DATA ELEMENTS

  • fixed length control field: 241003|| aca||aabn | a|a d

040 ## - CATALOGING SOURCE

  • Original cataloging agency: OSt
  • Transcribing agency: OSt

100 ## - HEADING--PERSONAL NAME

  • Personal name: Correa, María Mercedes

670 ## - SOURCE DATA FOUND

  • Source citation: Work cat.: (OSt)38402: Scher, Robert. 42742, Soluciones curiosas /









Instituto Departamental de Cultura del Meta - Red Departamental de Bibliotecas Públicas del Meta.